Normal view
MARC view
- الطويقات، امجد فهد
Entry Personal Name
001 - CONTROL NUMBER
- control field: 66566
003 - CONTROL NUMBER IDENTIFIER
- control field: JO-AjAnu
005 - DATE AND TIME OF LATEST TRANSACTION
- control field: 20250714021443.0
008 - FIXED-LENGTH DATA ELEMENTS
- fixed length control field: 250714|| aca||aabn | a|a d
040 ## - CATALOGING SOURCE
- Original cataloging agency: JO-AjAnu
100 ## - HEADING--PERSONAL NAME
- Personal name: الطويقات، امجد فهد
- Relator term: مشرف